Feltámadás

Bibliographic Details
Main Author: Tolstoj, Lev Nikolajevič, 1828-1910 (Author)
Other Authors: Szőllősy, Klára (Compiler)
Format: Book
Language:Hungarian
Russian
PhysicalDescription:421, 3 strán 22 cm
Published: [Slovensko?] Csehszlovákiai Magyar Kövyvkiadó [s.a.]
Edition:2. kiadás
Series:Remekirók Orosz
Subjects:

MARC

LEADER 00000nam a22000005a 4500
001 vtls012267051
003 SK-MaSNL
005 20260427144900.0
008 241118n xo 000 0 hun
020 |q (viazané) 
040 |a SNK  |b slo  |c SNK  |e AACR2 
041 1 |a hun  |h rus 
044 |a xo  |c SK 
080 |a 821.161.1-31  |2 2011 
100 1 |a Tolstoj, Lev Nikolajevič,  |d 1828-1910  |4 aut  |9 14566 
240 1 |a Voskresenije  |l Maďarsky 
245 1 |a Feltámadás  |c Lev Tolsztoj ; Voskresenije ... fordította Szőllősy Klára 
250 |a 2. kiadás 
260 |a [Slovensko?]  |b Csehszlovákiai Magyar Kövyvkiadó  |c [s.a.] 
300 |a 421, 3 strán  |c 22 cm 
490 1 |a Remekirók Orosz 
655 7 |a ruské romány  |2 SNKPH  |9 70514 
700 |a Szőllősy, Klára  |4 com  |9 592967 
852 |a Slovenská národná knižnica v Martine  |b 10000  |h SC 27334 
999 |c 912213  |d 914143 
952 |a SNK  |b SNK  |y PREZ  |7 0  |p 17A0923310  |o snkSC 27334  |i snkK 2226/71  |8 3  |0 0  |1 0  |4 0  |d 2024-11-18  |l 0  |r 2025-09-11 00:00:00  |w 2026-02-24 
952 |a SNK  |b SNK  |y PREZ  |7 0  |p 17A1536530  |o snkSC 27334 D1  |i snk2024/17492  |8 7  |0 0  |1 0  |4 0  |d 2024-11-19  |l 0  |r 2026-02-24 07:47:42  |w 2026-02-24